Sisämaavaltiot - Statistics

Yleistilastot
  • Tätä visaa on pelattu 4 315 kertaa
  • Keskiarvotulos 33 / 45
Vastaustilastot
Pinta-ala Valtio % Oikein
1 564 100 Mongolia
92%
2 724 900 Kazakstan
88%
41 284 Sveitsi
88%
0,44 Vatikaani
88%
49 035 Slovakia
87%
83 871 Itävalta
85%
160 Liechtenstein
85%
468 Andorra
84%
61 San Marino
84%
78 867 Tšekki
84%
2 586 Luxemburg
82%
93 028 Unkari
82%
406 752 Paraguay
81%
147 181 Nepal
79%
1 267 000 Niger
79%
1 098 581 Bolivia
77%
447 400 Uzbekistan
77%
1 284 000 Tšad
76%
488 100 Turkmenistan
75%
88 361 Serbia
74%
199 951 Kirgisia
73%
1 240 192 Mali
73%
622 984 Keski-Afrikan tasavalta
72%
143 100 Tadžikistan
72%
10 908 Kosovo
71%
38 394 Bhutan
70%
619 745 Etelä-Sudan
70%
30 355 Lesotho
70%
207 600 Valko-Venäjä
70%
647 500 Afganistan
69%
241 038 Uganda
66%
26 338 Ruanda
65%
33 846 Moldova
64%
17 364 Swazimaa
63%
582 000 Botswana
62%
25 713 Pohjois-Makedonia
62%
29 743 Armenia
61%
752 612 Sambia
61%
390 757 Zimbabwe
60%
27 834 Burundi
59%
1 104 300 Etiopia
59%
236 800 Laos
57%
274 222 Burkina Faso
56%
86 600 Azerbaidžan
55%
118 484 Malawi
55%
Ehtoja vastaavia visoja ei löytynyt
Tulosjakauma
Jokaisen tuloksen saaneiden osuus
Persentiili vastausten määrän mukaan
Tuloshistoriasi
Et ole pelannut tätä visaa